[Event "Winnipeg March TNT"]
[Site "Winnipeg"]
[Date "2015.03.24"]
[Round "4.5"]
[White "Wiebe, Dan L"]
[Black "Evans, Jason"]
[Result "0-1"]
[WhiteElo "1556"]
[BlackElo "1592"]
[PlyCount "98"]
[EventDate "2015.03.03"]
[EventType "swiss"]
[EventRounds "5"]
[EventCountry "CAN"]
[SourceTitle "EXT 2019"]
[Source "ChessBase"]
[SourceDate "2018.10.10"]
[SourceVersion "1"]
[SourceVersionDate "2018.10.10"]
[SourceQuality "1"]

1. d4 Nf6 2. c4 e6 3. Nc3 Bb4 4. Qc2 0-0 5. Bg5 d5 6. cxd5 exd5 7. e3 Re8 8. Bd3 g6 9. Nge2 c5 10. dxc5 Bxc5 11. Bxf6 Qxf6 12. Nxd5 Qd6 13. Nef4 Bb4+ 14. Nxb4 Qxb4+ 15. Kf1 Nc6 16. Rd1 Be6 17. Nxe6 Rxe6 18. g3 Rd6 19. Kg2 Rad8 20. Be2 Rd2 21. Rxd2 Rxd2 22. Qc4 Qxb2 23. Re1 Qxa2 24. Qxa2 Rxa2 25. Bc4 Rd2 26. e4 Ne5 27. Bf1 a6 28. h3 b5 29. g4 Kf8 30. Ra1 Rd6 31. f4 Nc4 32. Bxc4 bxc4 33. f5 c3 34. Rc1 Rc6 35. Kf2 c2 36. Ke2 Ke7 37. Ke3 a5 38. h4 a4 39. fxg6 fxg6 40. e5 a3 41. Kf4 h6 42. h5 gxh5 43. gxh5 a2 44. Kf5 a1Q 45. Rxa1 c1Q 46. Rxc1 Rxc1 47. Kg6 Rc6+ 48. Kg7 Re6 49. Kh7 Kf7 0-1

[Event "Winnipeg February TNT"]
[Site "Winnipeg"]
[Date "2015.02.24"]
[Round "4.4"]
[White "Wiebe, Dan L"]
[Black "Remillard, John"]
[Result "0-1"]
[WhiteElo "1901"]
[BlackElo "1626"]
[PlyCount "127"]
[EventDate "2015.02.03"]
[EventType "swiss"]
[EventRounds "4"]
[EventCountry "CAN"]
[SourceTitle "EXT 2019"]
[Source "ChessBase"]
[SourceDate "2018.10.10"]
[SourceVersion "1"]
[SourceVersionDate "2018.10.10"]
[SourceQuality "1"]

1. d4 f5 2. c4 Nf6 3. Nc3 g6 4. Nf3 Bg7 5. Bg5 c6 6. e3 d6 7. Bd3 Nbd7 8. e4 fxe4 9. Nxe4 Nxe4 10. Bxe4 Nf6 11. Bc2 0-0 12. h3 Nh5 13. 0-0 Nf4 14. Qd2 Nxh3+ 15. Kh2 Qd7 16. Rfe1 Nxg5 17. Qxg5 Bf6 18. Qh6 Bg7 19. Qg5 Rf6 20. Re2 e6 21. Rd1 Qf7 22. d5 h6 23. Qe3 e5 24. dxc6 bxc6 25. c5 d5 26. Nxe5 Qc7 27. Kg1 Re6 28. f4 Ba6 29. Bd3 Bxd3 30. Qxd3 Rae8 31. Rde1 Bxe5 32. fxe5 Kg7 33. Qd4 Rb8 34. b4 a5 35. a3 axb4 36. axb4 Qb7 37. Rb1 Qb5 38. Reb2 Rbe8 39. Re1 Ra8 40. Qc3 Rb8 41. Rf1 Rbe8 42. g4 Qc4 43. Qxc4 dxc4 44. Rf4 c3 45. Rc2 Rxe5 46. Rxc3 Re4 47. Rcf3 Re1+ 48. Kg2 g5 49. Rf7+ Kg8 50. R7f6 Kg7 51. Rxc6 R8e2+ 52. Rf2 Re4 53. b5 Rxg4+ 54. Kf3 Ree4 55. Rd2 Ref4+ 56. Ke2 Rg2+ 57. Kd1 Rg1+ 58. Kc2 Rc4+ 59. Kb3 Rgg4 60. Rc7+ Kg6 61. Rc6+ Kh5 62. Rh2+ Rh4 63. Rxh4+ Rxh4 64. b6 0-1